Music Quiz

Random Music or Bands Quiz

Prepositions in Band Names Quiz Stats

 Plays Quiz Updated Jul 13, 2018

Challenge
Share
Tweet
Embed
Score 0/20 Timer 03:00
6 Plays Today
% Correct
To
96.1%
On
95.7%
In
93.8%
Against
93.2%
At
92.2%
For
89.7%
Than
88.5%
But
87.4%
By
85%
Above
81.3%
% Correct
Of
79.5%
Under
76.6%
Without
73.5%
With
69.8%
Through
60.1%
Over
57.6%
Between
57.2%
Among
55.8%
From
55.4%
After
49.4%

You're not logged in!

Compare scores with friends on all Sporcle quizzes.
OR
Log In

You Might Also Like...

Show Comments

Extras

Top Quizzes Today


Score Distribution

Your Account Isn't Verified!

In order to create a playlist on Sporcle, you need to verify the email address you used during registration. Go to your Sporcle Settings to finish the process.

Report this User

Report this user for behavior that violates our Community Guidelines.

Details: